| 000 | 00481nam a2200193Ia 4500 | ||
|---|---|---|---|
| 003 | GCL | ||
| 005 | 20240530100219.0 | ||
| 008 | 140319s9999 xx 000 0 eng d | ||
| 040 |
_aGCL / _cGCL |
||
| 082 | 0 | 4 |
_a700.1 _bA F |
| 100 | 1 | _aAPRESYAN, Z | |
| 245 | 1 | 0 |
_aFREEDOM AND THE ARTIST / _cAPRESYAN, Z |
| 260 |
_aMOSCOW : _bPROGRESS PUBLISHERS ، _c1968 |
||
| 300 |
_a253 P ; _c16 CM |
||
| 650 | 0 | 4 | _aARTS |
| 650 | 0 | 4 | _aARTISTS |
| 650 | 0 | 4 | _aARTIST - FREEDOM |
| 942 |
_2ddc _cBK |
||
| 999 |
_c15251 _d15251 |
||